000
00263nam a22001217a 4500
008
170627b xxu||||| |||| 00| 0 eng d
041
_a
eng
080
_a
94
100
_a
18
101
_a
SHH
245
_a
THE REPUBLIC OF PLATO
_c
MCDONALD.F
942
_2
udc
_c
BK
999
_c
19185
_d
19185